El buscón
Spremljeno u:
| Glavni autor: | |
|---|---|
| Format: | Knjiga |
| Jezik: | španjolski |
| Izdano: |
Buenos Aires
Losada
1940
|
| Serija: | Las Cien Obras Maestras de la Literatura y del Pensamiento Universal, 28
|
| Teme: | |
| Oznake: |
Dodaj oznaku
Bez oznaka, Budi prvi tko označuje ovaj zapis!
|
MARC
| LEADER | 00000nam a2200000 a 4500 | ||
|---|---|---|---|
| 001 | UCH6966 | ||
| 003 | CL-VaPUC | ||
| 008 | 091109e19400000AG |||||||||||||||||spa|d | ||
| 082 | 0 | 4 | |a 863 |b QUE |2 21 |
| 100 | |a Quevedo Villegas, Francisco de |e autor |9 543497 | ||
| 245 | 1 | 3 | |a El buscón |
| 246 | 1 | 0 | |a Escritos breves |
| 300 | |a 244 p | ||
| 942 | |c BK | ||
| 945 | |d 20091109 00:00:00 |a lazolas | ||
| 260 | |a Buenos Aires |b Losada |c 1940 | ||
| 650 | 0 | |a Sátiras españolas |9 267790 | |
| 650 | 0 | |a Novelas españolas |9 265052 | |
| 650 | 0 | |a Literatura española |9 306261 | |
| 583 | |a last modification |c 20091109 00:00:00 |k Rodrigo Vera | ||
| 490 | 0 | |a Las Cien Obras Maestras de la Literatura y del Pensamiento Universal, 28 | |
| 999 | |c 337749 |d 337747 | ||